Trópusi ciklonok útvonalainak és erősségének kapcsolata a klímaváltozással az ERA-Interim adatbázis felhasználásával

Elmentve itt :
Bibliográfiai részletek
Szerző: Rékasi Barna
További közreműködők: Gál Tamás (Témavezető)
Dokumentumtípus: Szakdolgozat
Megjelent: 2018
Tárgyszavak:
Online Access:http://diploma.bibl.u-szeged.hu/86775
LEADER 00816nta a2200181 i 4500
001 dipl86775
005 20200708122437.0
008 200708s2018 hu om 0|| hun d
040 |a SZTE Diploma Repozitórium  |b hun 
041 |a hun 
100 1 |a Rékasi Barna 
245 1 0 |a Trópusi ciklonok útvonalainak és erősségének kapcsolata a klímaváltozással az ERA-Interim adatbázis felhasználásával  |h [elektronikus dokumentum] /  |c Barna Rékasi 
246 1 0 |a How tropical cyclones’ routes and strength are related to climate change, using the ERA-Interim dataset  |h [elektronikus dokumentum] 
260 |c 2018 
650 4 |a Természettudományok 
650 4 |a Climatology and climate change 
700 1 |a Gál Tamás  |e ths 
856 4 0 |u http://diploma.bibl.u-szeged.hu/id/eprint/86775/2/2018_rekasi_barna.pdf  |z Dokumentum-elérés